Direct numerical simulation for turbulent reacting flows
Αποθηκεύτηκε σε:
| Συγγραφή απο Οργανισμό/Αρχή: | |
|---|---|
| Άλλοι συγγραφείς: | , , |
| Μορφή: | Βιβλίο |
| Γλώσσα: | English |
| Δημοσίευση: |
Paris :
Editions Technip,
1996.
|
| Θέματα: | |
| Ετικέτες: |
Προσθήκη ετικέτας
Δεν υπάρχουν, Καταχωρήστε ετικέτα πρώτοι!
|
MARC
| LEADER | 00000cam a2200000 i 4500 | ||
|---|---|---|---|
| 001 | 1/1559 | ||
| 008 | 000417s1996 fr | ||| |||| ||eng|| | ||
| 020 | |a 2710806983 | ||
| 035 | |l 10060062 | ||
| 040 | |a GR-MyUa |b gre |e AACR2 | ||
| 041 | 0 | |a eng | |
| 082 | 7 | |a 532.0527 |2 (22) | |
| 245 | 0 | 0 | |a Direct numerical simulation for turbulent reacting flows / |c edited by Thierry Baritaud, Thierry Poinsot, Markus Baum. |
| 260 | |a Paris : |b Editions Technip, |c 1996. | ||
| 300 | |a vi, 311 σ. : |b εικ. ; |c 24 εκ. | ||
| 504 | |a Περιέχει βιβλιογραφικές αναφορές. | ||
| 650 | 0 | 0 | |a Turbulence. |
| 650 | 0 | 0 | |a Turbulence |x Mathematical models. |
| 700 | 1 | |a Baritaud, Thierry, |e edt | |
| 700 | 1 | |a Poinsot, Thierry, |e edt | |
| 700 | 1 | |a Baum, Markus, |e edt | |
| 710 | 2 | |a Centre de recherche sur la combustion turbulente (France) | |
| 852 | |a INST |b SAMOS |e 20000417 |h 532.0527 DIR |p 005300017625 |q 005300017625 |t BK |y 0 | ||
| 901 | |a BIBL3-2000-2 | ||
| 922 | |a 3ΕΛΗ |b 200003 |c ΚΠΣ |d ΠΑΠΑΣΩΤΗΡΙΟΥ | ||
| 950 | |a 116-2000-01-12 | ||
| 970 | |a ΓΕΝΟΥΖΟΥ |b ΧΡΥΣΑΝΘΗ |z 2000/05/19 | ||